Największe miasta Niemiec z wyjątkami - Statystyki

Ogólne statystyki
  • Ten quiz został rozwiązany 13 razy
  • Średni wynik to 8 z 15
Statystyki odpowiedzi
Numer Land Miasto % Poprawnych
1. Bawaria Monachium
100%
2. Hesja Frankfurt n. Menem
85%
4. Saksonia Lipsk
85%
3. Badenia-Wirtembergia Stuttgart
85%
5. Saksonia Drezno
77%
6. Dolna Saksonia Hanower
69%
12. Szlezwik-Holsztyn Kilonia
69%
7. Bawaria Norymberga
69%
9. Bawaria Augsburg
46%
8. Hesja Wiesbaden
38%
11. Saksonia Chemnitz
31%
15. Badenia-Wirtembergia Fryburg
31%
14. Saksonia-Anhalt Magdeburg
31%
13. Saksonia-Anhalt Halle
15%
10. Dolna Saksonia Brunszwik
8%
Nie znaleziono quizów pasujących do podanych kryteriów
Rozkład punktacji
Procent ludzi z każdym wynikiem
Percentyl według liczby udzielonych odpowiedzi
Twoja historia wyników
Nie rozwiązałeś tego quizu